| 000 | 00751nam a2200229 i 4500 | ||
|---|---|---|---|
| 001 | 23465 | ||
| 003 | ES-MaACL | ||
| 005 | 20250815091737.0 | ||
| 007 | t| | ||
| 008 | 021210s1971 sp ||||1| spa d | ||
| 080 | _a32 Allende, Salvador | ||
| 080 | _a32(83)"1970/..."(042) | ||
| 100 | 1 |
_aAllende Gossens, Salvador. _920012 |
|
| 245 | 1 | 3 |
_aLa vía chilena hacia el socialismo / _cSalvador Allende. |
| 260 |
_a[Madrid] : _bFundamentos, _c[1971] |
||
| 300 |
_a181 p. ; _c19 cm. |
||
| 490 | 1 |
_aColección ciencia ; _v11. _aSerie política |
|
| 651 | 4 |
_aChile- _xPolítica y gobierno- _y1970-1973. _98044 |
|
| 830 | 0 | 0 |
_aColección ciencia (Fundamentos) _v11. _9227763 |
| 852 |
_aES-MaACL _jC-45823 _bR.79442 |
||
| 999 |
_c23465 _d23465 |
||